00700nam a22002057a 4500999001500000001000500015003000900020005001700029008004100046040002800087082001600115245009700131260002800228300002300256650003500279710001200314711004200326942001200368952011400380 c2067d20671499BD-DhUAP20200219124719.0200219s1998 fr 101 0 eng  aDLCcDLCdBD-DhUAPbEng00223a378 HIG10aHigher education in the twenty-first century :bvision and action : Paris, 5-9 October 1998. aParis :bUNESCO,c1998. a15 pages ;c30 cm. 0aEducation, HighervCongresses.2 aUnesco. aWorld Conference on Higher Education. 2ddccBK 00102ddc4070aUAPCLbUAPCLcGeneral Stacksd2020-02-19o378 HIGp3010001499r2020-02-19t1w2020-02-19yBK